000 01088nam a2200193Ia 4500
999 _c37636
_d37636
001 3608
003 GE_BSU
005 20190626204656.0
008 181216s2007||||ge |||||||||||||| ||geo||
040 _cGE_BSU
041 _ageo
080 _a34(479.223)(094.1) ა–95
245 _aაჭარის ავტონომიური რესპუბლიკა :
_bსაკანონმდებლო აქტების კრებული, 2004-2007 /
_hრედ. პეტრე ზამბახიძე.
264 _aბათუმი :
_bაჭარის ა/რ უმაღლ. საბჭოს საკონსტიტუციო, იურიდ. და საპროც. საკითხთა კომიტეტი,
_c2007.
300 _a393 გვ.;
_b29 სმ.
653 _aაჭარის ავტონომიური რესპუბლიკის საკანონმდებლო აქტები
700 _aზამბახიძე, პეტრე
_eრედაქტორი
_92981
942 _cBK
_2udc